<?xml version="1.0" encoding="UTF-8"?>
<record
    xmlns:xsi="http://www.w3.org/2001/XMLSchema-instance"
    xsi:schemaLocation="http://www.loc.gov/MARC21/slim http://www.loc.gov/standards/marcxml/schema/MARC21slim.xsd"
    xmlns="http://www.loc.gov/MARC21/slim">

  <leader>01505cpcaa2200289 a 4500</leader>
  <controlfield tag="001">mm2009085510</controlfield>
  <controlfield tag="003">DLC</controlfield>
  <controlfield tag="005">20260227111731.0</controlfield>
  <controlfield tag="008">091211||||||||||||                 eng  </controlfield>
  <datafield tag="010" ind1=" " ind2=" ">
    <subfield code="a">mm2009085510</subfield>
  </datafield>
  <datafield tag="040" ind1=" " ind2=" ">
    <subfield code="a">DLC</subfield>
    <subfield code="c">DLC</subfield>
    <subfield code="e">dacs</subfield>
    <subfield code="d">DLC</subfield>
  </datafield>
  <datafield tag="072" ind1=" " ind2="7">
    <subfield code="a">W</subfield>
    <subfield code="2">lcmd</subfield>
  </datafield>
  <datafield tag="245" ind1="0" ind2="0">
    <subfield code="a">J.W.A. Nicholson and Nathaniel Dowse Nicholson commissions and obituary,</subfield>
    <subfield code="f">1808-1887.</subfield>
  </datafield>
  <datafield tag="300" ind1=" " ind2=" ">
    <subfield code="a">3</subfield>
    <subfield code="f">items.</subfield>
  </datafield>
  <datafield tag="506" ind1="0" ind2=" ">
    <subfield code="a">Open to research.</subfield>
  </datafield>
  <datafield tag="520" ind1="8" ind2=" ">
    <subfield code="a">Naval commission for Nathaniel Dowse Nicholson signed by Thomas Jefferson, 1808 January 1; Civil War naval commission for J.W.A. Nicholson signed by Abraham Lincoln, 1863 February 21; and obituary of J.W.A. Nicholson, New York Daily Graphic, 1887 November 1.</subfield>
  </datafield>
  <datafield tag="545" ind1="0" ind2=" ">
    <subfield code="a">Naval officers.</subfield>
  </datafield>
  <datafield tag="546" ind1=" " ind2=" ">
    <subfield code="a">Collection material in English.</subfield>
  </datafield>
  <datafield tag="600" ind1="1" ind2="0">
    <subfield code="a">Jefferson, Thomas,</subfield>
    <subfield code="d">1743-1826.</subfield>
  </datafield>
  <datafield tag="600" ind1="1" ind2="0">
    <subfield code="a">Lincoln, Abraham,</subfield>
    <subfield code="d">1809-1865.</subfield>
  </datafield>
  <datafield tag="610" ind1="1" ind2="0">
    <subfield code="a">United States.</subfield>
    <subfield code="b">Navy.</subfield>
  </datafield>
  <datafield tag="656" ind1=" " ind2="7">
    <subfield code="a">Naval officers.</subfield>
    <subfield code="2">itoamc</subfield>
  </datafield>
  <datafield tag="700" ind1="1" ind2=" ">
    <subfield code="a">Nicholson, J. W. A.</subfield>
    <subfield code="q">(James William Augustus),</subfield>
    <subfield code="d">1821-1887.</subfield>
    <subfield code="t">J.W.A. Nicholson and Nathaniel Dowse Nicholson commissions and obituary.</subfield>
    <subfield code="f">1808-1887.</subfield>
  </datafield>
  <datafield tag="700" ind1="1" ind2=" ">
    <subfield code="a">Nicholson, Nathaniel Dowse,</subfield>
    <subfield code="d">1790-1811.</subfield>
    <subfield code="t">J.W.A. Nicholson and Nathaniel Dowse Nicholson commissions and obituary.</subfield>
    <subfield code="f">1808-1887.</subfield>
  </datafield>
  <datafield tag="999" ind1=" " ind2=" ">
    <subfield code="c">44817</subfield>
    <subfield code="d">44817</subfield>
  </datafield>
</record>
